LEADER 01056nam0-22003371i-450- 001 990001110480403321 010 $a981-0202-08-X 035 $a000111048 035 $aFED01000111048 035 $a(Aleph)000111048FED01 035 $a000111048 100 $a20000920d1990----km-y0itay50------ba 101 0 $aeng 200 1 $aParallel Architectures and Neural Networks$eThird Italian Workshop, Vietri sul Mare, Salerno 15-18 May 1990$fEdited by E.R. Caianiello 210 $aSingapore [etc.]$cWorld Scientific$d1990 610 0 $aCibernetica 610 0 $aTeoria dei giochi 610 0 $aTeoria degli automi 610 0 $aIntelligenza artificiale 676 $a510.78 700 1$aCaianiello,$bEduardo Renato$f<1921-1993>$0287342 801 0$aIT$bUNINA$gRICA$2UNIMARC 901 $aBK 912 $a990001110480403321 952 $a8-239.003$b18578$fFI1 952 $a8-239.004$b18122$fFI1 952 $a8-239.006$b18927$fFI1 959 $aFI1 996 $aParallel Architectures and Neural Networks$9337239 997 $aUNINA DB $aING01 LEADER 01524nam 2200505 450 001 9910510558903321 005 20220928131757.0 010 $a3-030-80897-1 035 $a(MiAaPQ)EBC6810997 035 $a(Au-PeEL)EBL6810997 035 $a(CKB)19919349900041 035 $a(OCoLC)1287132243 035 $a(PPN)258843918 035 $a(EXLCZ)9919919349900041 100 $a20220819d2021 uy 0 101 0 $aeng 135 $aurcnu|||||||| 181 $ctxt$2rdacontent 182 $cc$2rdamedia 183 $acr$2rdacarrier 200 00$aHead and neck imaging $ea multi-disciplinary team approach /$fTaranjit Singh Tatla [and three others] 210 1$aCham, Switzerland :$cSpringer International Publishing,$d[2021] 210 4$d©2021 215 $a1 online resource (459 pages) 311 08$aPrint version: Tatla, Taranjit Singh Head and Neck Imaging Cham : Springer International Publishing AG,c2021 9783030808952 606 $aHead$xImaging 606 $aNeck$xInfections 606 $aColl$2thub 606 $aCap$2thub 606 $aImatges mèdiques$2thub 608 $aLlibres electrònics$2thub 615 0$aHead$xImaging. 615 0$aNeck$xInfections. 615 7$aColl 615 7$aCap 615 7$aImatges mèdiques 676 $a617.5107572 702 $aTatla$b Taranjit Singh 801 0$bMiAaPQ 801 1$bMiAaPQ 801 2$bMiAaPQ 906 $aBOOK 912 $a9910510558903321 996 $aHead and Neck Imaging$92902460 997 $aUNINA